PSG - Premier 11 de Laurent Blanc - Statistiques

Statistiques générales
  • Ce quiz a été pris 77 fois
  • Le résultat moyen est 15 sur 19
Statistiques - réponses
Poste occupé Nationalité Joueur % Correct
Gardien Italie Salvatore Sirigu
99%
Défenseur central Brésil Thiago Silva
99%
Remplaçant (défenseur central) Brésil Marquinhos
96%
Milieu défensif Italie Thiago Motta
96%
Attaquant Suède Zlatan Ibrahimović
96%
Milieu relayeur France Blaise Matuidi
95%
Remplaçant (attaquant) Uruguay Edinson Cavani
93%
Ailier gauche Argentine Ezequiel Lavezzi
93%
Entraineur France Laurent Blanc
92%
Milieu relayeur Italie Marco Verratti
92%
Latéral droit France Christophe Jallet
82%
Ailier droit Argentine Javier Pastore
78%
Remplaçant (ailier) Brésil Lucas Moura
75%
Défenseur central Brésil Alex
74%
Remplaçant (défenseur central) France Mamoudou Sakho
53%
Latéral gauche France Lucas Digne
51%
Remplaçant (gardien) France Nicolas Douchez
47%
Remplaçant (ailier) France Jérémy Ménez
36%
Remplaçant (milieu relayeur) France Clément Chantôme
33%
Aucun quiz correspondant
Distribution des résultats
% des personnes avec chaque résultat
Percentile par nombre de réponses
Votre historique - résultats
Vous n’avez pas pris ce quiz